[Event "Oberliga Ost-A 2122"]
[Site "Germany"]
[Date "2022.07.09"]
[Round "6.1"]
[White "Mastrovasilis, Dimitrios"]
[Black "Spivak, Ilya"]
[Result "1/2-1/2"]
[WhiteElo "2599"]
[BlackElo "2302"]
[PlyCount "136"]
[EventDate "2021.10.10"]
[EventType "team-tourn"]
[EventRounds "11"]
[EventCountry "GER"]
[SourceTitle "EXT 2023"]
[Source "ChessBase"]
[SourceDate "2022.10.05"]
[SourceVersion "1"]
[SourceVersionDate "2022.10.05"]
[SourceQuality "1"]
[WhiteTeam "Plauen Koenig"]
[BlackTeam "Hoyerswerda"]
[WhiteTeamCountry "GER"]
[BlackTeamCountry "GER"]

1. e4 c5 2. Nf3 e6 3. d4 cxd4 4. Nxd4 Nf6 5. Nc3 Nc6 6. Ndb5 d6 7. Bf4 e5 8. Bg5 a6 9. Na3 b5 10. Nd5 Be7 11. Bxf6 Bxf6 12. c4 Nd4 13. cxb5 Be6 14. Nxf6+ gxf6 15. Bd3 Qa5+ 16. Qd2 axb5 17. Nc2 Nxc2+ 18. Bxc2 Qxd2+ 19. Kxd2 b4 20. a4 Ra5 21. Bd3 Ke7 22. Bb5 Rha8 23. Rac1 R8a7 24. Rc6 d5 25. exd5 Bxd5 26. Rb6 Bb3 27. Rc1 Bxa4 28. Bxa4 Rxa4 29. Rcc6 f5 30. Rc5 R4a5 31. Rxa5 Rxa5 32. Rxb4 Rd5+ 33. Ke2 Ke6 34. Rb6+ Ke7 35. b4 Rd4 36. g3 h5 37. b5 Rb4 38. Rb8 Rb2+ 39. Ke3 Rb3+ 40. Kd2 Rb2+ 41. Ke3 Rb3+ 42. Ke2 Rb2+ 43. Kf3 Rb3+ 44. Kg2 Rb2 45. b6 e4 46. Kf1 e3 47. fxe3 Rxh2 48. Rc8 Rb2 49. Rc6 Kd7 50. Rh6 Ke7 51. Ke1 Rg2 52. Kd1 Kd7 53. Rf6 Rxg3 54. Rxf7+ Kc6 55. Rf6+ Kb7 56. Ke2 Rg2+ 57. Kf3 Rb2 58. Rxf5 Kxb6 59. Rxh5 Kc6 60. Kf4 Kd6 61. e4 Rf2+ 62. Ke3 Rf1 63. Rh8 Ke6 64. Re8+ Kd7 65. Re5 Kd6 66. Rf5 Rxf5 67. exf5 Ke5 68. f6 Kxf6 1/2-1/2

[Event "Oberliga Ost-A 1718"]
[Site "Germany"]
[Date "2018.02.25"]
[Round "8.1"]
[White "Schmidt Schaeffer, Sebastian"]
[Black "Spivak, Ilya"]
[Result "1-0"]
[WhiteElo "2373"]
[BlackElo "2329"]
[PlyCount "73"]
[EventDate "2017.10.22"]
[EventType "team-tourn"]
[EventRounds "11"]
[EventCountry "GER"]
[SourceTitle "EXT 2019"]
[Source "ChessBase"]
[SourceDate "2018.10.10"]
[SourceVersion "1"]
[SourceVersionDate "2018.10.10"]
[SourceQuality "1"]
[WhiteTeam "Naumburg"]
[BlackTeam "Hoyerswerda"]
[WhiteTeamCountry "GER"]
[BlackTeamCountry "GER"]

1. d4 d5 2. Nf3 Nf6 3. g3 Bf5 4. Bg2 c6 5. 0-0 h6 6. c4 e6 7. Nc3 Nbd7 8. Qb3 Qb6 9. c5 Qa6 10. Re1 b6 11. cxb6 axb6 12. Nh4 Bh7 13. e4 Qc4 14. Qxc4 dxc4 15. d5 Bb4 16. dxc6 Ne5 17. Be3 Rc8 18. Bxb6 Nd3 19. Re2 Rxc6 20. Bd4 e5 21. Be3 Bxc3 22. bxc3 Bxe4 23. f3 Bh7 24. f4 Re6 25. f5 Ra6 26. a4 Kd7 27. Bb7 Rd6 28. a5 Kc7 29. a6 Nd5 30. Bf2 Nxc3 31. Rc2 Nxf2 32. Rxc3 Rd1+ 33. Rxd1 Nxd1 34. Rxc4+ Kb8 35. Be4 Rf8 36. Bd3 Ne3 37. Rb4+ 1-0

[Event "Oberliga Ost-A 1718"]
[Site "Germany"]
[Date "2017.10.22"]
[Round "1.2"]
[White "Spivak, Ilya"]
[Black "Schweitzer, Andreas"]
[Result "1-0"]
[WhiteElo "2329"]
[BlackElo "2228"]
[PlyCount "115"]
[EventDate "2017.10.22"]
[EventType "team-tourn"]
[EventRounds "11"]
[EventCountry "GER"]
[SourceTitle "EXT 2019"]
[Source "ChessBase"]
[SourceDate "2018.10.10"]
[SourceVersion "1"]
[SourceVersionDate "2018.10.10"]
[SourceQuality "1"]
[WhiteTeam "Hoyerswerda"]
[BlackTeam "Coswig TuS"]
[WhiteTeamCountry "GER"]
[BlackTeamCountry "GER"]

1. e4 c5 2. Nf3 e6 3. d4 cxd4 4. Nxd4 Nc6 5. Nc3 Qc7 6. Be3 a6 7. Qd2 Nf6 8. f4 Bb4 9. Bd3 Na5 10. a3 Bxc3 11. Qxc3 Qxc3+ 12. bxc3 d5 13. e5 Ne4 14. Nb3 Nc4 15. Bxc4 dxc4 16. Na5 Bd7 17. Bd4 Rc8 18. Nxb7 Bc6 19. Na5 Bd5 20. Rb1 Kd7 21. Ke2 f5 22. Ke3 g5 23. fxg5 Nxg5 24. Rhg1 Rhg8 25. Nb7 Ne4 26. g3 h5 27. Rb6 h4 28. Nd6 Rc6 29. Rb7+ Rc7 30. Nxe4 Bxe4 31. Rxc7+ Kxc7 32. g4 Bxc2 33. g5 f4+ 34. Kxf4 Bf5 35. Rg2 h3 36. Rb2 Rb8 37. Rxb8 Kxb8 38. Kg3 Kc7 39. Kh4 Kd7 40. Kh5 Ke8 41. g6 Kf8 42. Kh6 Kg8 43. Bb6 Bc2 44. Bd8 Kh8 45. Kg5 Kg7 46. Bf6+ Kg8 47. g7 Kf7 48. Kg4 Bf5+ 49. Kf4 Bc2 50. Ke3 Ba4 51. Kd4 Bb5 52. Kc5 Kg8 53. Kb4 Kf7 54. a4 Be8 55. Kxc4 Bxa4 56. Kb4 Bc2 57. c4 Bd3 58. c5 1-0

[Event "BL2-Nord 1516"]
[Site "Germany"]
[Date "2016.02.21"]
[Round "7.3"]
[White "Spivak, Ilya"]
[Black "Rietze, Clemens"]
[Result "0-1"]
[WhiteElo "2334"]
[BlackElo "2265"]
[PlyCount "66"]
[EventDate "2015.09.19"]
[EventType "team-tourn"]
[EventRounds "9"]
[EventCountry "GER"]
[SourceTitle "EXT 2017"]
[Source "ChessBase"]
[SourceDate "2016.10.25"]
[SourceVersion "1"]
[SourceVersionDate "2016.10.25"]
[SourceQuality "1"]
[WhiteTeam "Schwerin"]
[BlackTeam "Pankow Rotation"]
[WhiteTeamCountry "GER"]
[BlackTeamCountry "GER"]

1. e4 c5 2. Nf3 e6 3. Nc3 Nc6 4. d4 cxd4 5. Nxd4 Qc7 6. Be3 a6 7. Qd2 Nf6 8. f4 b5 9. e5 Ng4 10. Bg1 Bb7 11. 0-0-0 Be7 12. Kb1 Rd8 13. Bd3 0-0 14. Qe2 Nh6 15. Bf2 f6 16. Nxc6 Bxc6 17. Bh4 Rde8 18. Bg3 f5 19. Ka1 Qb7 20. Rhg1 Ra8 21. h3 b4 22. Nb1 a5 23. Nd2 a4 24. Bc4 b3 25. cxb3 axb3 26. Bxb3 Bb4 27. Kb1 Rfb8 28. Bc4 Bc5 29. Nf3 Bxg1 30. Rxg1 Ra4 31. Rc1 Be4+ 32. Ka1 Rxc4 33. Rxc4 Bd3 0-1

[Event "BL2-Nord 1516"]
[Site "Germany"]
[Date "2016.01.17"]
[Round "5.1"]
[White "Spivak, Ilya"]
[Black "Moranda, Wojciech"]
[Result "1/2-1/2"]
[WhiteElo "2334"]
[BlackElo "2594"]
[PlyCount "31"]
[EventDate "2015.09.19"]
[EventType "team-tourn"]
[EventRounds "9"]
[EventCountry "GER"]
[SourceTitle "EXT 2017"]
[Source "ChessBase"]
[SourceDate "2016.10.25"]
[SourceVersion "1"]
[SourceVersionDate "2016.10.25"]
[SourceQuality "1"]
[WhiteTeam "Schwerin"]
[BlackTeam "Ruedersdorf"]
[WhiteTeamCountry "GER"]
[BlackTeamCountry "GER"]

1. e4 c5 2. Nf3 d6 3. d4 cxd4 4. Nxd4 Nf6 5. Nc3 a6 6. Be3 g6 7. Be2 Bg7 8. Nb3 Nc6 9. a4 0-0 10. 0-0 b6 11. f4 Nd7 12. Bf3 Bb7 13. Qd2 Nc5 14. Rfd1 Nb4 15. Qf2 Re8 16. a5 1/2-1/2

[Event "BL2-Nord 1415"]
[Site "Germany"]
[Date "2015.02.01"]
[Round "6.7"]
[White "Szyszylo, Rafal"]
[Black "Spivak, Ilya"]
[Result "1/2-1/2"]
[WhiteElo "2221"]
[BlackElo "2346"]
[PlyCount "29"]
[EventDate "2014.09.21"]
[EventType "team-tourn"]
[EventRounds "9"]
[EventCountry "GER"]
[SourceTitle "CBM 166 Extra"]
[Source "ChessBase"]
[SourceDate "2015.06.18"]
[SourceVersion "1"]
[SourceVersionDate "2015.06.18"]
[SourceQuality "1"]
[WhiteTeam "Ruedersdorf"]
[BlackTeam "Schwerin"]
[WhiteTeamCountry "GER"]
[BlackTeamCountry "GER"]

1. e4 c5 2. Nf3 e6 3. d4 cxd4 4. Nxd4 Nf6 5. Nc3 Nc6 6. Ndb5 d6 7. Bf4 e5 8. Bg5 a6 9. Na3 b5 10. Nd5 Be7 11. Bxf6 Bxf6 12. c4 Nd4 13. cxb5 Bb7 14. Bc4 axb5 15. Bxb5+ 1/2-1/2

[Event "GER-ch rapid"]
[Site "Gladenbach"]
[Date "2013.09.28"]
[Round "1"]
[White "Spivak, Ilya"]
[Black "Spiess, Gunter"]
[Result "1/2-1/2"]
[WhiteElo "2344"]
[BlackElo "2429"]
[PlyCount "24"]
[EventDate "2013.09.28"]
[EventType "swiss (rapid)"]
[EventRounds "9"]
[EventCountry "GER"]
[SourceTitle "CBM 156 Extra"]
[Source "ChessBase"]
[SourceDate "2013.10.22"]
[SourceVersion "1"]
[SourceVersionDate "2013.10.22"]
[SourceQuality "1"]

1. e4 e6 2. d4 d5 3. Nc3 Nf6 4. Bg5 dxe4 5. Nxe4 Be7 6. Bxf6 gxf6 7. Qd2 f5 8. Nc3 Bf6 9. 0-0-0 c5 10. d5 0-0 11. h4 Kh8 12. Nf3 Qa5 1/2-1/2

[Event "Oberliga Nord O 1213"]
[Site "Germany"]
[Date "2013.04.14"]
[Round "9.1"]
[White "Spivak, Ilya"]
[Black "Schoene, Ralf"]
[Result "1/2-1/2"]
[WhiteElo "2352"]
[BlackElo "2325"]
[PlyCount "37"]
[EventDate "2012.10.17"]
[EventType "team-tourn"]
[EventRounds "9"]
[EventCountry "GER"]
[SourceTitle "EXT 2015"]
[Source "ChessBase"]
[SourceDate "2014.11.20"]
[SourceVersion "1"]
[SourceVersionDate "2014.11.20"]
[SourceQuality "1"]
[WhiteTeam "Cottbus Lokomotive"]
[BlackTeam "Neuruppin"]
[WhiteTeamCountry "GER"]
[BlackTeamCountry "GER"]

1. e4 e5 2. Nc3 Nc6 3. g3 Bc5 4. Bg2 h5 5. h3 h4 6. g4 d6 7. d3 g5 8. Nf3 f6 9. Nd5 Be6 10. c3 Bb6 11. Qa4 Bd7 12. Qb3 Nce7 13. a4 c6 14. Nxb6 Qxb6 15. Qa3 Qc7 16. d4 Ng6 17. Be3 Nf4 18. Bxf4 exf4 19. 0-0-0 1/2-1/2

[Event "Oberliga Nord O 1213"]
[Site "Germany"]
[Date "2013.02.03"]
[Round "6.1"]
[White "Lagunow, Alexander"]
[Black "Spivak, Ilya"]
[Result "1-0"]
[WhiteElo "2437"]
[BlackElo "2352"]
[PlyCount "33"]
[EventDate "2012.10.17"]
[EventType "team-tourn"]
[EventRounds "9"]
[EventCountry "GER"]
[SourceTitle "EXT 2015"]
[Source "ChessBase"]
[SourceDate "2014.11.20"]
[SourceVersion "1"]
[SourceVersionDate "2014.11.20"]
[SourceQuality "1"]
[WhiteTeam "Lasker Steglitz"]
[BlackTeam "Cottbus Lokomotive"]
[WhiteTeamCountry "GER"]
[BlackTeamCountry "GER"]

1. Nf3 d5 2. g3 Nf6 3. Bg2 c6 4. c4 dxc4 5. Na3 e5 6. Nxc4 e4 7. Ng5 Qd4 8. Qb3 Bc5 9. 0-0 0-0 10. d3 exd3 11. Be3 Qg4 12. Bxc5 dxe2 13. Rfe1 Qxg5 14. Bxf8 b5 15. Nd6 Be6 16. Qd3 Nfd7 17. Ne4 1-0

[Event "Oberliga Nord O 0708"]
[Site "Germany"]
[Date "2007.12.09"]
[Round "4.1"]
[White "Spivak, Ilya"]
[Black "Becker, Walter"]
[Result "1/2-1/2"]
[WhiteElo "2400"]
[BlackElo "2352"]
[PlyCount "82"]
[EventDate "2007.10.21"]
[EventType "team-tourn"]
[EventRounds "9"]
[EventCountry "GER"]
[SourceTitle "EXT 2009"]
[Source "ChessBase"]
[SourceDate "2008.11.26"]
[SourceVersion "1"]
[SourceVersionDate "2008.11.26"]
[SourceQuality "1"]
[WhiteTeam "Cottbus"]
[BlackTeam "Lasker Steglitz"]
[WhiteTeamCountry "GER"]
[BlackTeamCountry "GER"]

1. e4 e6 2. d4 d5 3. Nc3 Nf6 4. Bg5 Be7 5. e5 Nfd7 6. Bxe7 Qxe7 7. Qd2 Nb6 8. Nd1 Bd7 9. f4 c5 10. c3 Nc6 11. Ne3 Rc8 12. Nf3 a5 13. Bd3 cxd4 14. Nxd4 0-0 15. 0-0 Nxd4 16. cxd4 Qb4 17. Qxb4 axb4 18. Nc2 Nc4 19. Rfb1 f6 20. Nxb4 fxe5 21. fxe5 Rf4 22. Nc2 Bb5 23. Rc1 Ba6 24. g3 Rff8 25. Nb4 Nxb2 26. Bxa6 bxa6 27. Nxa6 Nd3 28. Rxc8 Rxc8 29. a4 Nc1 30. Kf2 Nb3 31. Rb1 Nxd4 32. Rb8 Rxb8 33. Nxb8 Nb3 34. Ke3 Kf7 35. Nc6 Ke8 36. Nb4 Kd7 37. Kf4 Kc7 38. h4 Kb6 39. Ke3 Nc5 40. Kd4 Nxa4 41. Nxd5+ exd5 1/2-1/2

[Event "Oberliga Nord O 0708"]
[Site "Germany"]
[Date "2007.10.21"]
[Round "1.1"]
[White "Schwekendiek, Ulrich"]
[Black "Spivak, Ilya"]
[Result "0-1"]
[WhiteElo "2285"]
[BlackElo "2400"]
[PlyCount "80"]
[EventDate "2007.10.21"]
[EventType "team-tourn"]
[EventRounds "9"]
[EventCountry "GER"]
[SourceTitle "EXT 2009"]
[Source "ChessBase"]
[SourceDate "2008.11.26"]
[SourceVersion "1"]
[SourceVersionDate "2008.11.26"]
[SourceQuality "1"]
[WhiteTeam "Pankow Rotation"]
[BlackTeam "Cottbus"]
[WhiteTeamCountry "GER"]
[BlackTeamCountry "GER"]

1. e4 c5 2. Nf3 e6 3. d4 cxd4 4. Nxd4 Nf6 5. Nc3 Nc6 6. Ndb5 d6 7. Bf4 e5 8. Bg5 a6 9. Na3 b5 10. Nd5 Be7 11. Bxf6 Bxf6 12. c3 Bg5 13. Nc2 Rb8 14. a4 bxa4 15. Ncb4 Bd7 16. Bxa6 Nxb4 17. cxb4 0-0 18. 0-0 Bc6 19. Rxa4 Bxa4 20. Qxa4 g6 21. Bd3 Kh8 22. b5 Bd2 23. b4 Bg5 24. Qc2 Rc8 25. Qb2 f6 26. g3 Rf7 27. Ra1 f5 28. b6 fxe4 29. Bxe4 Rb8 30. Ra7 Rbb7 31. Qa1 Qd7 32. f4 Bd8 33. Ra8 Kg7 34. fxe5 dxe5 35. Qxe5+ Kh6 36. Kg2 Qb5 37. Kh3 Bxb6 38. Bxg6 Qd7+ 39. Kg2 Rf2+ 40. Kg1 Re2+ 0-1

[Event "Oberliga Nord O 0506"]
[Site "Germany"]
[Date "2006.04.02"]
[Round "9.1"]
[White "Breier, Andreas"]
[Black "Spivak, Ilya"]
[Result "1/2-1/2"]
[WhiteElo "2365"]
[BlackElo "2375"]
[PlyCount "97"]
[EventDate "2005.10.23"]
[EventType "team-tourn"]
[EventRounds "9"]
[EventCountry "GER"]
[SourceTitle "EXT 2007"]
[Source "ChessBase"]
[SourceDate "2006.11.23"]
[SourceVersion "1"]
[SourceVersionDate "2006.11.23"]
[SourceQuality "1"]
[WhiteTeam "Berlin II"]
[BlackTeam "Cottbus"]
[WhiteTeamCountry "GER"]
[BlackTeamCountry "GER"]

1. c4 Nf6 2. Nf3 c6 3. d4 d5 4. e3 a6 5. Nc3 b5 6. c5 Bg4 7. Qb3 Nbd7 8. a4 Bxf3 9. gxf3 e5 10. Qa3 Rc8 11. axb5 axb5 12. Bh3 Rc7 13. Qa8 Be7 14. Qxd8+ Bxd8 15. Ra6 0-0 16. Na2 Be7 17. Nb4 Nb8 18. Ra2 Nfd7 19. Bd2 f5 20. Ke2 g6 21. Rha1 Bf6 22. Bc3 Re8 23. Kf1 exd4 24. exd4 Nf8 25. Kg1 Ne6 26. Rd1 Kf7 27. Bf1 Rb7 28. Ra8 Rc8 29. Nc2 Nc7 30. Ra2 Ne6 31. Ra8 Nc7 32. Ra2 Ne6 33. b4 Re8 34. Na1 Ke7 35. Nb3 Kd7 36. Ra8 Nc7 37. Ra2 Ne6 38. Rda1 Kc8 39. Ra8 Nc7 40. R8a2 Ne6 41. Kg2 Nf4+ 42. Kh1 Ne6 43. Kg1 Rbe7 44. Rd1 Bg5 45. Ra8 Nc7 46. Ra7 Ne6 47. Ra8 Nc7 48. Ra7 Ne6 49. Ra8 1/2-1/2

[Event "Oberliga Nord O 0506"]
[Site "Germany"]
[Date "2005.11.27"]
[Round "3.1"]
[White "Meister, Jakob"]
[Black "Spivak, Ilya"]
[Result "1/2-1/2"]
[WhiteElo "2503"]
[BlackElo "2375"]
[PlyCount "100"]
[EventDate "2005.10.23"]
[EventType "team-tourn"]
[EventRounds "9"]
[EventCountry "GER"]
[SourceTitle "EXT 2007"]
[Source "ChessBase"]
[SourceDate "2006.11.23"]
[SourceVersion "1"]
[SourceVersionDate "2006.11.23"]
[SourceQuality "1"]
[WhiteTeam "Friesen Lichtenberg"]
[BlackTeam "Cottbus"]
[WhiteTeamCountry "GER"]
[BlackTeamCountry "GER"]

1. e4 c5 2. f4 Nc6 3. Nf3 e6 4. d3 d5 5. Nbd2 g6 6. Be2 Bg7 7. 0-0 Nge7 8. c3 0-0 9. Qe1 b6 10. Kh1 Ba6 11. Nh4 dxe4 12. dxe4 Bxe2 13. Qxe2 Qd7 14. Nhf3 Rad8 15. Nc4 Qd3 16. Qxd3 Rxd3 17. a4 Rfd8 18. Kg1 Nc8 19. f5 exf5 20. exf5 Nd6 21. Nxd6 R3xd6 22. Bf4 Rd5 23. fxg6 hxg6 24. Rae1 Bf6 25. Re2 Rd1 26. Nd2 Rxf1+ 27. Kxf1 Kg7 28. Nc4 Rd1+ 29. Re1 Rxe1+ 30. Kxe1 Kf8 31. Ke2 Ke7 32. Kd3 Ke6 33. Ke4 Be7 34. g4 f5+ 35. gxf5+ gxf5+ 36. Kd3 Bd8 37. Bg3 a6 38. b3 b5 39. axb5 axb5 40. Na3 b4 41. cxb4 cxb4 42. Nc4 Bf6 43. Bf2 Bc3 44. Bb6 Kf6 45. Be3 Kg6 46. Ke2 f4 47. Bb6 Kf5 48. Kf3 Bd4 49. Bc7 Be5 50. Nd6+ Bxd6 1/2-1/2

[Event "Oberliga Nord O 0405"]
[Site "Germany"]
[Date "2005.03.13"]
[Round "8.1"]
[White "Spivak, Ilya"]
[Black "Meister, Jakob"]
[Result "0-1"]
[WhiteElo "2397"]
[BlackElo "2510"]
[PlyCount "104"]
[EventDate "2004.10.24"]
[EventType "team-tourn"]
[EventRounds "9"]
[EventCountry "GER"]
[SourceTitle "EXT 2006"]
[Source "ChessBase"]
[SourceDate "2005.11.24"]
[SourceVersion "1"]
[SourceVersionDate "2005.11.24"]
[SourceQuality "1"]
[WhiteTeam "Cottbus"]
[BlackTeam "Friesen Lichtenberg"]
[WhiteTeamCountry "GER"]
[BlackTeamCountry "GER"]

1. e4 c5 2. Nf3 d6 3. d4 cxd4 4. Nxd4 Nf6 5. Nc3 g6 6. Be2 Bg7 7. 0-0 0-0 8. Bg5 Nc6 9. Nb3 a5 10. a4 Be6 11. Kh1 Nd7 12. f4 Bxb3 13. cxb3 Nc5 14. Bc4 Kh8 15. Qe1 f6 16. Bh4 Nb4 17. Rd1 Qe8 18. Rf3 Rd8 19. Nd5 Nc6 20. Bf2 e6 21. Nc7 Qe7 22. Nb5 b6 23. Bxc5 dxc5 24. Rfd3 Rxd3 25. Rxd3 Rd8 26. Qd2 Rxd3 27. Qxd3 Bf8 28. Kg1 Kg7 29. Qh3 Nd8 30. Kf2 Qd7 31. Ke2 Qc6 32. Qd3 Nf7 33. Nc3 Be7 34. g3 Nd8 35. Bb5 Qd6 36. Bd7 Qd4 37. Qxd4 cxd4 38. Nb5 e5 39. Nc7 Kf7 40. Be8+ Kf8 41. Bd7 Nb7 42. Bc6 Nc5 43. Bd5 exf4 44. Nb5 d3+ 45. Kf3 fxg3 46. hxg3 Nd7 47. Nc7 Ne5+ 48. Ke3 Bc5+ 49. Kd2 Bb4+ 50. Ke3 d2 51. Ke2 Nd3 52. Na6 Nxb2 0-1

[Event "Oberliga Nord O 0405"]
[Site "Germany"]
[Date "2005.02.13"]
[Round "7.1"]
[White "Kot, Jerzy"]
[Black "Spivak, Ilya"]
[Result "1-0"]
[WhiteElo "2361"]
[BlackElo "2397"]
[PlyCount "97"]
[EventDate "2004.10.24"]
[EventType "team-tourn"]
[EventRounds "9"]
[EventCountry "GER"]
[SourceTitle "EXT 2006"]
[Source "ChessBase"]
[SourceDate "2005.11.24"]
[SourceVersion "1"]
[SourceVersionDate "2005.11.24"]
[SourceQuality "1"]
[WhiteTeam "Lasker Steglitz"]
[BlackTeam "Cottbus"]
[WhiteTeamCountry "GER"]
[BlackTeamCountry "GER"]

1. c4 Nf6 2. Nf3 c6 3. g3 d5 4. cxd5 cxd5 5. Bg2 Nc6 6. d4 Qb6 7. 0-0 Bg4 8. Ne5 Qxd4 9. Nxg4 Qxg4 10. Bxd5 Nxd5 11. Qxd5 Rd8 12. Qb5 Rd7 13. Nc3 g6 14. Be3 Bg7 15. Rfd1 0-0 16. Rxd7 Qxd7 17. Bxa7 h5 18. Rd1 Qc8 19. Bb6 h4 20. a3 hxg3 21. fxg3 Bxc3 22. bxc3 Kg7 23. Qd5 Qg4 24. Rd2 Ra8 25. Bd4+ Nxd4 26. Qe5+ Kf8 27. Rxd4 Qe6 28. Qxe6 fxe6 29. a4 Kf7 30. Rf4+ Kg7 31. Rb4 Kf6 32. Kg2 Rc8 33. c4 Ke5 34. Kf3 Rc7 35. Ke3 Kd6 36. Kd3 Kc6 37. Rb5 Rd7+ 38. Ke3 Rd1 39. a5 Rc1 40. Rb6+ Kd7 41. Rxb7+ Kd6 42. Rb6+ Kd7 43. Kd4 Rd1+ 44. Kc5 Rg1 45. Rb7+ Kd8 46. Kb6 Rb1+ 47. Ka7 Rc1 48. Rb4 Kd7 49. Kb7 1-0

[Event "Oberliga Nord O 0304"]
[Site "Germany"]
[Date "2004.04.25"]
[Round "9.1"]
[White "Penzold, Andreas"]
[Black "Spivak, Ilya"]
[Result "1/2-1/2"]
[WhiteElo "2324"]
[BlackElo "2379"]
[PlyCount "34"]
[EventDate "2003.10.12"]
[EventType "team-tourn"]
[EventRounds "9"]
[EventCountry "GER"]
[SourceTitle "EXT 2005"]
[Source "ChessBase"]
[SourceDate "2004.11.15"]
[SourceVersion "1"]
[SourceVersionDate "2004.11.15"]
[SourceQuality "1"]
[WhiteTeam "Potsdam Empor"]
[BlackTeam "Cottbus"]
[WhiteTeamCountry "GER"]
[BlackTeamCountry "GER"]

1. e4 c5 2. Nf3 e6 3. c3 Nf6 4. e5 Nd5 5. d4 cxd4 6. cxd4 d6 7. a3 Bd7 8. Bd3 Bc6 9. 0-0 Nd7 10. Re1 Qc7 11. b4 a6 12. Qe2 dxe5 13. dxe5 g6 14. Nd4 Bg7 15. Nxc6 Qxc6 16. f4 Rc8 17. Bd2 0-0 1/2-1/2